Michal Baluďanský, ruský ekonóm rusínskeho pôvodu zo Slovenska
Kariéra Michala Baluďanského je dôležitým zdrojom poznania výučby ekonomických a právnických predmetov na vysokých školách vo vtedajšom Uhorsku a výučby v Rusku. Je prameňom poznania vývoja ekonomického myslenia i vzťahov medzi Ruskom a Slovenskom.
Uložené v:
| Hlavný autor: | |
|---|---|
| Médium: | Kapitola |
| Jazyk: | Slovak |
| Predmet: | |
| Tagy: |
Žiadne tagy, Buďte prvý, kto otaguje tento záznam!
|
MARC
| LEADER | 00000naa a2200000 4500 | ||
|---|---|---|---|
| 001 | r040740 | ||
| 005 | 20230929073405.0 | ||
| 041 | 0 | |a slo | |
| 044 | |a SK | ||
| 245 | 1 | 0 | |a Michal Baluďanský, ruský ekonóm rusínskeho pôvodu zo Slovenska |c Ladislav Unčovský |
| 520 | |a Kariéra Michala Baluďanského je dôležitým zdrojom poznania výučby ekonomických a právnických predmetov na vysokých školách vo vtedajšom Uhorsku a výučby v Rusku. Je prameňom poznania vývoja ekonomického myslenia i vzťahov medzi Ruskom a Slovenskom. | ||
| 610 | 2 | 0 | |a myslenie ekonomické |
| 610 | 2 | 0 | |a história |
| 610 | 2 | 0 | |a Slovensko |
| 610 | 2 | 0 | |a Baluďanský, M. |
| 610 | 2 | 0 | |a ekonómia politická |
| 610 | 2 | 0 | |a politika hospodárska |
| 100 | 1 | |a Unčovský, Ladislav | |